<?xml version="1.0" encoding="UTF-8"?>
<record
    xmlns:xsi="http://www.w3.org/2001/XMLSchema-instance"
    xsi:schemaLocation="http://www.loc.gov/MARC21/slim http://www.loc.gov/standards/marcxml/schema/MARC21slim.xsd"
    xmlns="http://www.loc.gov/MARC21/slim">

  <leader>01967nam a22003377a 4500</leader>
  <controlfield tag="003">NALT</controlfield>
  <controlfield tag="005">20260123091530.0</controlfield>
  <controlfield tag="008">230822b        th ||||| |||| 00| 0 tha d</controlfield>
  <datafield tag="020" ind1=" " ind2=" ">
    <subfield code="a">9786167832272</subfield>
  </datafield>
  <datafield tag="040" ind1=" " ind2=" ">
    <subfield code="a">NALT</subfield>
  </datafield>
  <datafield tag="041" ind1=" " ind2=" ">
    <subfield code="a">tha</subfield>
    <subfield code="h">eng</subfield>
  </datafield>
  <datafield tag="050" ind1=" " ind2=" ">
    <subfield code="a">BF 637.S4</subfield>
    <subfield code="b">&#xE2A;313&#xE14; 2560</subfield>
  </datafield>
  <datafield tag="100" ind1="1" ind2=" ">
    <subfield code="9">61414</subfield>
    <subfield code="a">&#xE2A;&#xE21;&#xE34;&#xE18;, &#xE40;&#xE2D;&#xE2A;&#xE1F;&#xE32;&#xE2E;&#xE32;&#xE19;&#xE35; &#xE40;&#xE2D;&#xE21;&#xE34;&#xE25;&#xE35;</subfield>
  </datafield>
  <datafield tag="245" ind1="1" ind2="0">
    <subfield code="a">The Power of Meaning :</subfield>
    <subfield code="b">&#xE2D;&#xE30;&#xE44;&#xE23;&#xE17;&#xE33;&#xE43;&#xE2B;&#xE49;&#xE0A;&#xE35;&#xE27;&#xE34;&#xE15;&#xE04;&#xE19;&#xE40;&#xE23;&#xE32;&#xE21;&#xE35;&#xE04;&#xE27;&#xE32;&#xE21;&#xE2B;&#xE21;&#xE32;&#xE22; /</subfield>
    <subfield code="c">&#xE40;&#xE2D;&#xE21;&#xE34;&#xE25;&#xE35; &#xE40;&#xE2D;&#xE2A;&#xE1F;&#xE32;&#xE2E;&#xE32;&#xE19;&#xE35; &#xE2A;&#xE21;&#xE34;&#xE18;, &#xE40;&#xE02;&#xE35;&#xE22;&#xE19; ; &#xE2D;&#xE23;&#xE27;&#xE23;&#xE23;&#xE13; &#xE04;&#xE39;&#xE2B;&#xE40;&#xE08;&#xE23;&#xE34;&#xE0D; &#xE19;&#xE32;&#xE27;&#xE32;&#xE22;&#xE38;&#xE17;&#xE18;, &#xE41;&#xE1B;&#xE25;.</subfield>
  </datafield>
  <datafield tag="246" ind1="1" ind2="4">
    <subfield code="a">&#xE2D;&#xE30;&#xE44;&#xE23;&#xE17;&#xE33;&#xE43;&#xE2B;&#xE49;&#xE0A;&#xE35;&#xE27;&#xE34;&#xE15;&#xE04;&#xE19;&#xE40;&#xE23;&#xE32;&#xE21;&#xE35;&#xE04;&#xE27;&#xE32;&#xE21;&#xE2B;&#xE21;&#xE32;&#xE22;. </subfield>
  </datafield>
  <datafield tag="246" ind1="3" ind2="1">
    <subfield code="a">The power of meaning : </subfield>
    <subfield code="b">crafting a life that matters.</subfield>
  </datafield>
  <datafield tag="260" ind1=" " ind2=" ">
    <subfield code="a">&#xE2A;&#xE21;&#xE38;&#xE17;&#xE23;&#xE1B;&#xE23;&#xE32;&#xE01;&#xE32;&#xE23; :</subfield>
    <subfield code="b">&#xE42;&#xE2D;&#xE49;&#xE21;&#xE32;&#xE22;&#xE01;&#xE49;&#xE2D;&#xE14;,</subfield>
    <subfield code="c">2560.</subfield>
  </datafield>
  <datafield tag="300" ind1=" " ind2=" ">
    <subfield code="a">301 &#xE2B;&#xE19;&#xE49;&#xE32; ;</subfield>
    <subfield code="c">21 &#xE0B;&#xE21;.</subfield>
  </datafield>
  <datafield tag="505" ind1="0" ind2=" ">
    <subfield code="a">1. &#xE27;&#xE34;&#xE01;&#xE24;&#xE15;&#xE04;&#xE27;&#xE32;&#xE21;&#xE2B;&#xE21;&#xE32;&#xE22; -- 2. &#xE04;&#xE27;&#xE32;&#xE21;&#xE1C;&#xE39;&#xE01;&#xE1E;&#xE31;&#xE19; -- 3. &#xE08;&#xE38;&#xE14;&#xE21;&#xE38;&#xE48;&#xE07;&#xE2B;&#xE21;&#xE32;&#xE22; -- 4. &#xE01;&#xE32;&#xE23;&#xE40;&#xE25;&#xE48;&#xE32;&#xE40;&#xE23;&#xE37;&#xE48;&#xE2D;&#xE07; -- 5. &#xE01;&#xE32;&#xE23;&#xE02;&#xE49;&#xE32;&#xE21;&#xE1E;&#xE49;&#xE19;&#xE15;&#xE31;&#xE27;&#xE15;&#xE19; -- 6. &#xE01;&#xE32;&#xE23;&#xE40;&#xE15;&#xE34;&#xE1A;&#xE42;&#xE15; -- 7. &#xE27;&#xE31;&#xE12;&#xE19;&#xE18;&#xE23;&#xE23;&#xE21;&#xE41;&#xE2B;&#xE48;&#xE07;&#xE04;&#xE27;&#xE32;&#xE21;&#xE2B;&#xE21;&#xE32;&#xE22;.</subfield>
  </datafield>
  <datafield tag="650" ind1=" " ind2="0">
    <subfield code="a">&#xE04;&#xE27;&#xE32;&#xE21;&#xE15;&#xE23;&#xE30;&#xE2B;&#xE19;&#xE31;&#xE01;&#xE43;&#xE19;&#xE28;&#xE31;&#xE01;&#xE22;&#xE20;&#xE32;&#xE1E;&#xE15;&#xE19;</subfield>
    <subfield code="9">6207</subfield>
  </datafield>
  <datafield tag="650" ind1=" " ind2="4">
    <subfield code="9">61425</subfield>
    <subfield code="a">&#xE04;&#xE27;&#xE32;&#xE21;&#xE2B;&#xE21;&#xE32;&#xE22; (&#xE08;&#xE34;&#xE15;&#xE27;&#xE34;&#xE17;&#xE22;&#xE32;)</subfield>
  </datafield>
  <datafield tag="650" ind1=" " ind2="4">
    <subfield code="9">47930</subfield>
    <subfield code="a">&#xE2D;&#xE32;&#xE23;&#xE21;&#xE13;&#xE4C;</subfield>
  </datafield>
  <datafield tag="700" ind1="1" ind2=" ">
    <subfield code="9">61424</subfield>
    <subfield code="a">Smith, Emily Esfahani</subfield>
  </datafield>
  <datafield tag="700" ind1="0" ind2=" ">
    <subfield code="a">&#xE2D;&#xE23;&#xE27;&#xE23;&#xE23;&#xE13; &#xE04;&#xE39;&#xE2B;&#xE40;&#xE08;&#xE23;&#xE34;&#xE0D; &#xE19;&#xE32;&#xE27;&#xE32;&#xE22;&#xE38;&#xE17;&#xE18;.</subfield>
    <subfield code="9">28278</subfield>
  </datafield>
  <datafield tag="850" ind1=" " ind2=" ">
    <subfield code="a">NALT</subfield>
  </datafield>
  <datafield tag="942" ind1=" " ind2=" ">
    <subfield code="c">GB</subfield>
    <subfield code="2">lcc</subfield>
  </datafield>
  <datafield tag="996" ind1=" " ind2=" ">
    <subfield code="a">chunbijaya.r</subfield>
    <subfield code="b">CATSTF	</subfield>
    <subfield code="c">2023-08-22</subfield>
  </datafield>
  <datafield tag="996" ind1=" " ind2=" ">
    <subfield code="a">saiphon.d</subfield>
    <subfield code="b">CATSTF	</subfield>
    <subfield code="c">2023-08-23</subfield>
  </datafield>
  <datafield tag="999" ind1=" " ind2=" ">
    <subfield code="c">102767</subfield>
    <subfield code="d">102767</subfield>
  </datafield>
  <datafield tag="998" ind1=" " ind2=" ">
    <subfield code="j">1020</subfield>
    <subfield code="k"> &#xE19;&#xE32;&#xE07;&#xE08;&#xE33;&#xE40;&#xE23;&#xE35;&#xE22;&#xE07;  &#xE23;&#xE30;&#xE27;&#xE31;&#xE07;&#xE2A;&#xE33;&#xE42;&#xE23;&#xE07;</subfield>
  </datafield>
  <datafield tag="952" ind1=" " ind2=" ">
    <subfield code="0">0</subfield>
    <subfield code="1">0</subfield>
    <subfield code="2">lcc</subfield>
    <subfield code="4">0</subfield>
    <subfield code="7">0</subfield>
    <subfield code="8">CGBL</subfield>
    <subfield code="a">NALT</subfield>
    <subfield code="b">NALT</subfield>
    <subfield code="c">GEN</subfield>
    <subfield code="d">2023-08-22</subfield>
    <subfield code="l">4</subfield>
    <subfield code="m">4</subfield>
    <subfield code="o">BF 637.S4 &#xE2A;313&#xE2D; 2560</subfield>
    <subfield code="p">3961223387</subfield>
    <subfield code="r">2025-03-31 00:00:00</subfield>
    <subfield code="s">2025-03-14</subfield>
    <subfield code="w">2023-08-22</subfield>
    <subfield code="y">GB</subfield>
  </datafield>
</record>
